000 02150cam a22004814i 4500
003 PE-LiUPU
005 20250731173031.0
008 150623s1959 idua rb 000 0 eng d
035 _a(Sirsi) a23855
040 _aPE-LiUPU
_bspa
_cPE-LiUPU
_erda
049 _aPRUA
082 0 4 _a286.732
_bJ38
_221
100 1 _aJemison, Thomas Housel,
_d1914-1963,
_eautor.
245 1 0 _aChristian beliefs :
_bfundamental Biblical teachings for Seventh-day Adventist college classes /
_cT. H. Jemison.
264 1 _aBoise, Idaho :
_bPacific Press Publishing Association,
_c1959.
300 _a481 páginas :
_bilustraciones ;
_c22 centímetros
336 _atext
_2rdacontent
337 _aunmediated
_2rdamedia
338 _avolume
_2rdacarrier
504 _aBibliografía al pié de página.
505 0 _aThe revelation of God -- The doctrine of God and supernatural beings -- The doctrine of man and the problem of sin -- Jesus christ and his earthly ministry -- The work of the holy spirit -- The ministry of reconciliation -- The christian way of life -- The sabbath -- Last events; the controversy ended.
526 _aSEG42
526 _aSEG41
526 _aSEG40
526 _aSEG39
526 _aP94
526 _aP87
526 _aP86
526 _aP85
526 _aP77
526 _aP76
526 _aP35
650 0 4 _aTeología dogmática.
_95003
650 0 4 _aAdventistas del Séptimo Día
_xDoctrinas
910 _ajck
_bncf
_cncf
_d20170503
942 _2ddc
_cBOOK
949 _a286.732 J38
_wDEWEY
_c1
_i48112
_lCCODEBUL1
_mBUL
_p00.00
_r0
_sY
_tBOOK
_u2015-06-24
_xTEOLOGIA
_PP35
_0COMPRA
_o.STAFF. Colección General
596 _a1
999 _a286.732 J38
_wDEWEY
_c25087
_i48112
_d25087
_f2021-11-11
_g6
_lCCODEBUL1
_mBUL
_p15.00
_q2
_r0
_sY
_tBOOK
_u2015-6-24
_xTEOLOGIA
_PP35
_0COMPRA
_o.STAFF. Colección Teología
999 _a286.732 J38
_wDEWEY
_c2
_i75738
_d2019-2-6
_f2021-11-11
_g5
_lCCODEBUL1
_mBUL
_p15.00
_q2
_r0
_sY
_tBOOK
_u2017-5-3
_xTEOLOGIA
_PP85
_0DONACION
_o.STAFF. Colección Teologia
980 _81
_gALBERTO SANCHEZ Responsable de Automatización